| 000 | 00000nam 2200000za 4500 |
| 001 | 9.818272 |
| 003 | CaOODSP |
| 005 | 20240624082248 |
| 007 | cr ||||||||||| |
| 008 | 160525s1986 abc |o f|0| 0 fre d |
| 020 | |a0-660-91835-8 |
| 040 | |aCaOODSP|bfre |
| 043 | |an-cn--- |
| 086 | 1 |aT22-72/1986F-PDF |
| 245 | 00|aCommission d'enquête, collision ferroviaire de Hinton |h[ressource électronique] : |brappport du commissaire, l'honorable juge René P. Foisy. |
| 260 | |aEdmonton : |bLa Commission, |c1986. |
| 300 | |a[207] p. : |bill., carte. |
| 500 | |a« Décembre 1986 ». |
| 500 | |aPublie aussi en anglais sous le titre: Commission of Inquiry, Hinton Train Collision. |
| 500 | |aLe n° de catalogue (T22-72/1986F) et l’ISBN (0-660-91835-8) de l'édition imprimée ont été copiés dans l’édition électronique. |
| 500 | |aRené P. Foisy, commissaire. |
| 504 | |aComprend des références bibliographiques. |
| 692 | 07|2gccst|aAccident ferroviaire |
| 700 | 1 |aFoisy, René P. |
| 710 | 1 |aCanada. |bBureau du Conseil privé. |
| 710 | 1 |aCanada. |bCommission d'enquête, collision ferroviaire de Hinton (Canada). |
| 775 | 08|tCommission of Inquiry, Hinton Train Collision |w(CaOODSP)9.818270 |
| 856 | 40|qPDF|s9.43 Mo|uhttps://publications.gc.ca/collections/collection_2016/bcp-pco/T22-72-1986-1-fra.pdf |
| 856 | 40|qPDF|s3.75 Mo|uhttps://publications.gc.ca/collections/collection_2016/bcp-pco/T22-72-1986-2-fra.pdf |
| 856 | 40|qPDF|s823 Ko|uhttps://publications.gc.ca/collections/collection_2016/bcp-pco/T22-72-1986-3-fra.pdf |